| 000 | 00862nam a22002535a 4500 | ||
|---|---|---|---|
| 001 | 16633246 | ||
| 005 | 20161027143646.0 | ||
| 008 | 110201t2011 caua frbd 001 0 eng d | ||
| 020 | _a9781412996877 (cloth) | ||
| 040 |
_aEG-ScBUE _beng _cEG-ScBUE |
||
| 082 | 0 | 4 |
_a178 _bGRE _222 |
| 245 | 0 | 0 |
_aGreen ethics and philosophy : _ban A-to-Z guide / _cJulie Newman, general editor. |
| 260 |
_aLos Angeles : _bSage Publication, _cc.2011. |
||
| 300 |
_axxvi, 474 p. : _bill. ; _c27 cm. |
||
| 490 | 0 | _aSage Reference series on Green society : toward a sustainable future | |
| 500 | _aIncludes glossary. | ||
| 504 | _aIncludes bibliographical references and index. | ||
| 650 | 7 |
_aEnvironmental ethics. _2BUEsh |
|
| 650 | 7 |
_aHuman ecology _xPhilosophy. _2BUEsh |
|
| 651 | _2BUEsh | ||
| 653 |
_bENGGEN _cOctober2016 |
||
| 700 | 1 |
_aNewman, Julie, _eeditor. |
|
| 942 | _2ddc | ||
| 999 |
_c22889 _d22861 |
||